000
00337nam a2200157 4500
005
20260219124903.0
008
CU66
020
_a
9988071248
050
_a
HF 5681.B2 ACC
100
_a
ACCA
245
_a
PREPARING FINANACIAL STATEMENTS
260
_a
LONDON
_b
BPP
_c
2005
300
_a
XXVI,546p.,
500
_a
INDEX
942
_2
lcc
_c
BK
_n
0
999
_c
8778
_d
8778